Statistics for Greatest MLB Players By First Letter of Their Last Name

Click here to take the quiz!

General Stats

  • This quiz has been taken 124 times
    (17 since last reset)
  • The average score is 8 of 26

Answer Stats

LettersPlayers% Correct
RBabe Ruth
93%
AHank Aaron
93%
JRandy Johnson
64%
DJoe DiMaggio
50%
MWillie Mays
50%
GKen Griffey Jr.
43%
PAlbert Pujols
36%
CTy Cobb
36%
YCy Young
29%
TFrank Thomas
29%
BGeorge Brett
29%
WHonus Wagner
29%
ZRyan Zimmerman
29%
KSandy Koufax
29%
FBob Feller
21%
SMike Schmidt
21%
LNap Lajoie
21%
HRogers Hornsby
21%
UChase Utley
14%
OMel Ott
14%
QDan Quisenberry
7%
EDennis Eckersley
7%
VFernando Valenzuela
7%
NHal Newhouser
0%
XLeovigildo Xiques
0%
IMonte Irvin
0%

Score Distribution

Percentile by Number Answered

Percent of People with Each Score

Your Score History

You have not taken this quiz since the last reset